Central Library OPAC University of Rajshahi

The nursery years : (Record no. 49893)

MARC details
000 -LEADER
fixed length control field 00660nam a2200217 a 4500
001 - CONTROL NUMBER
control field 49893
003 - CONTROL NUMBER IDENTIFIER
rucl marc code BD-RjUL
005 - DATE AND TIME OF LATEST TRANSACTION
control field 20211209075428.0
008 - FIXED-LENGTH DATA ELEMENTS--GENERAL INFORMATION
fixed length control field 160823r19531929enka 00110 eng d
035 ## - SYSTEM CONTROL NUMBER
System control number (BD-RjUL)50013
040 ## - CATALOGING SOURCE
Original cataloging agency ANL
Language of cataloging eng
Modifying agency ANL
-- BD-RjUL
Transcribing agency BD-RjUL
041 ## - LANGUAGE CODE
Language code of text/sound track or separate title eng
082 04 - DEWEY DECIMAL CLASSIFICATION NUMBER
Classification number 155.4
Edition number 23
Author mark and year ISN 1953
100 10 - MAIN ENTRY--PERSONAL NAME
Personal name Isaacs, Susan
9 (RLIN) 149533
245 14 - TITLE STATEMENT
Title The nursery years :
Remainder of title the mind of the child from birth to six years /
Statement of responsibility, etc. by Susan Isaacs
260 ## - PUBLICATION, DISTRIBUTION, ETC. (IMPRINT)
Place of publication, distribution, etc. London :
Name of publisher, distributor, etc. Routledge & kegan,
Date of publication, distribution, etc. 1929 [reprinted 1953]
300 ## - PHYSICAL DESCRIPTION
Pagination ii, 138 p. :
Illustrations ill. ;
Size 18 cm.
500 ## - GENERAL NOTE
General note Include index
650 #0 - SUBJECT ADDED ENTRY--TOPICAL TERM
Topical term or geographic name as entry element Child psychology.
9 (RLIN) 124587
942 ## - ADDED ENTRY ELEMENTS (KOHA)
Source of classification or shelving scheme Dewey Decimal Classification
Koha item type Books
Holdings
Lost status Source of classification or shelving scheme Damaged status Not for loan Collection code Permanent Location Current Location Shelving location Date acquired Source of acquisition Cost, normal purchase price Total Checkouts Full call number Date last seen Copy number Koha item type
  Dewey Decimal Classification     Non-fiction Central Library, University of Rajshahi Central Library, University of Rajshahi   10/09/1955 B.H. black well ltd. 35.60   155.4 ISN 1953 23/08/2016 C-2 Books